00655nam a2200181 a 4500008004100000020001500041020001500056050001400071100001800085245007800103260004500181300001800226350000900244500014500253650002700398700002000425700002800445120416s1989 ||||||||||||||||| || u a0333495241 a033349525X aHB 61 New aEatwell, John14aThe New Palgrave: general equilibriumcedited by John Eatwell, and others aLondon:bMacmillan Reference Booksc1989 a346 p.: ill.  a0.00 a"First published in the New Palgrave, a dictionary of economics ... in four volumes, 1987."--Verso t.p. -Includs bibliographical references. 0aEQUILIBRIUM--ECONOMICS aMilgate, Murray aNewman, Peter K., 1928-